00542pab a2200181 454500008004000000100002500040245005400065260000900119300000900128362001000137650002800147650003900175650003100214773001200245909001000257999001700267952007600284180718b2000 xxu||||| |||| 00| 0 eng d aJhunjhunwala, Bharat aTowards new water policy: problems and priorities c2000 ap.12 a3 Jul aWater resources - India aWater resources management - India aWater resources management aTribune a47128 c47128d47128 00104070aIIPAbIIPAd2018-07-19pAR47556r2018-07-19w2018-07-19yAR